Países com Mais Imigrantes - Statistics

Estatísticas Gerais
  • Esse quiz foi jogado 8 721 vezes
    7 901 desde o último reset
  • A pontuação média é 12 de 20
Estatísticas das Respostas
Imigrantes % País % Correto
50.6 mi 15.4 Estados Unidos
99%
8.33 mi 12.8 França
94%
7.96 mi 21.3 Canadá
93%
6.01 mi 13.1 Espanha
91%
13.1 mi 15.7 Alemanha
89%
6.27 mi 10.4 Itália
88%
11.6 mi 8.0 Rússia
87%
9.55 mi 14.1 Reino Unido
84%
7.55 mi 30.0 Austrália
78%
5.15 mi 0.4 Índia
75%
5.88 mi 7.0 Turquia
57%
4.22 mi 7.2 África do Sul
53%
13.1 mi 38.3 Arábia Saudita
50%
4.96 mi 11.3 Ucrânia
42%
8.58 mi 87.9 Emirados Árabes Unidos
40%
3.64 mi 5.2 Tailândia
35%
3.28 mi 1.5 Paquistão
33%
3.43 mi 10.7 Malásia
22%
3.71 mi 20.0 Cazaquistão
20%
3.35 mi 33.1 Jordânia
14%
Nenhum quiz correspondente encontrado
Distribuição das Pontuações
Porcentagem de Pessoas com Cada Pontuação
Percentil de Números Respondidos
Sua Pontuação Histórica
Você não jogou esse quiz desde o último reset